Normal view
MARC view
- LIBRARIES AND ADULT EDUCATION UNITED STATES MILITARY LIBRARIES UNITED STATES 20TH CENTURY MILITARY LIBRARIAN UNTED STATES
Entry Topical Term
001 - CONTROL NUMBER
- control field: 65864
003 - CONTROL NUMBER IDENTIFIER
- control field: NUST
005 - DATE AND TIME OF LATEST TRANSACTION
- control field: 20210628203512.0
008 - FIXED-LENGTH DATA ELEMENTS
- fixed length control field: 210628|| aca||aabn | a|a d
040 ## - CATALOGING SOURCE
- Original cataloging agency: NUST
- Transcribing agency: NUST
150 ## - HEADING--TOPICAL TERM
- Topical term or geographic name entry element: LIBRARIES AND ADULT EDUCATION UNITED STATES MILITARY LIBRARIES UNITED STATES 20TH CENTURY MILITARY LIBRARIAN UNTED STATES
670 ## - SOURCE DATA FOUND
- Source citation: Work cat.: (NUST): Harig, Katherine J 65863, Libraries the military and civilian life, 1989
